Story of the Indian Post Office (Record no. 770)

000 -LEADER
fixed length control field 00332nam a22001337a 4500
003 - CONTROL NUMBER IDENTIFIER
control field OSt
008 - FIXED-LENGTH DATA ELEMENTS--GENERAL INFORMATION
fixed length control field 150215b xxu||||| |||| 00| 0 eng d
041 ## - LANGUAGE CODE
Language code of text/sound track or separate title eng
100 1# - MAIN ENTRY--PERSONAL NAME
Personal name Anand, Mulk Raj
245 10 - TITLE STATEMENT
Title Story of the Indian Post Office
260 ## - PUBLICATION, DISTRIBUTION, ETC. (IMPRINT)
Place of publication, distribution, etc. New Delhi, [India]
Name of publisher, distributor, etc. Akshar Printers
Date of publication, distribution, etc. 1987
300 ## - PHYSICAL DESCRIPTION
Extent 0 pages
942 ## - ADDED ENTRY ELEMENTS (KOHA)
Edition

No items available.

Powered by Koha